Periodic Table Elements Beginning With C - Statistics

General Stats
  • This quiz has been taken 304 times
  • The average score is 9 of 12
Answer Stats
Element % Correct
Carbon
95%
Cadmium
86%
Calcium
85%
Copper
83%
Chromium
82%
Cobalt
80%
Chlorine
78%
Californium
75%
Curium
74%
Cerium
72%
Caesium
65%
Copernicium
64%
No matching quizzes found
Score Distribution
Percent of People with Each Score
Percentile by Number Answered
Your Score History
You have not taken this quiz